Normal view
MARC view
- Daniels,John L.
Entry Personal Name
001 - CONTROL NUMBER
- control field: 582
003 - CONTROL NUMBER IDENTIFIER
- control field: OSt
005 - DATE AND TIME OF LATEST TRANSACTION
- control field: 20160624155114.0
008 - FIXED-LENGTH DATA ELEMENTS
- fixed length control field: 160624|| aca||aabn | a|a d
040 ## - CATALOGING SOURCE
- Original cataloging agency: OSt
- Transcribing agency: OSt
100 ## - HEADING--PERSONAL NAME
- Personal name: Daniels,John L.
670 ## - SOURCE DATA FOUND
- Source citation: Work cat.: (OSt)14172: Fang, Hsai Yang 581, Introductory Geotechnical Engineering: An environmental perspective , 2006
